00322nam a2200121Ia 4500008004100000041000800041082001500049100001700064245004500081260003300126300003000159365001100189240624s9999 xx 000 0 und d aeng a155.25 BUR aBURN GILLIAN aPERSONAL DEVELOPMENT ALL IN ONE FOR DUMM c2007aNew DelhibWiley India axx, : 552 : p. : cm. ; 23 cRSb20